000 00362nam a2200121Ia 4500
008 200626s9999 xx 000 0 und d
020 _a978-981-4296-30-4
100 _aOjugo, Clement
245 _cClement Ojugo.--
_aFood and beverage cost control/
260 _aSingapore:
_bCengage Learning Asia Pte Ltd
_c2010
300 _a490 pages
500 _aIncludes Index
999 _c363837
_d363837